MDQL
is popping MORE tags! Check the
thread
!
Quizzes
Events
Quiz Creation
Community
Videos
Private Events
Remove Ads
Sign In
Join for FREE
Feedback
Dark Mode
Quiz Categories
Sports
Geography
Music
Movies
Television
Just For Fun
Miscellaneous
History
Literature
Language
Science
Gaming
Entertainment
Religion
Holiday
For Kids
Quiz Lab
Recent
Popular Today
Quiz Kudos Today
Editor Picks
Curator Picks
Quizzes by...
Day
Popularity
Type
Ratings
Length
Year
Community
Subscriptions
Recent Discussions
Orange Saloon
Badges
Playlists
Quests
Create
Leaderboards
Showdown
Live 5
Trivia Bingo
Activity
Puzzle Library
Sporcle Events
Private Events
Virtual Trivia
Globe League
Become a Host
Pub Owners
SporcleCon
Opinionation
Our Games
Videos
Blog
Mobile Apps
Partnerships
Remove Ads and Go Orange
Feedback
Sports
Athletes
MLB
NBA
NHL
NFL
Soccer
Sports Teams
WWE
NCAA
Football
Premier League
Basketball
Baseball
Hockey
Golf
Tennis
Cricket
Rugby
Auto Racing
Olympics
World Cup
Sports
Athletes
MLB
NBA
NHL
NFL
Soccer
Sports Teams
WWE
NCAA
Football
Premier League
Basketball
Baseball
Hockey
Golf
Tennis
Cricket
Rugby
Auto Racing
Olympics
World Cup
Random Quiz
Search Sporcle
×
Quiz Lab
Quiz Lab
Sports
Run Scorers
Type in answers that appear in a list
Type in answers that appear in a list
Classic
Best Score? Go Orange.
Leading Test Match Run Scorers in 2011 Stats
Can you name the Leading Test Match Run Scorers in 2011?
By
RiderDWC
9m
25 Questions
24 Plays
24 Plays
24 Plays
Comments
Comments
Give Quiz Kudos
Give Quiz Kudos
-
- Ratings
hide this ad
Replay
Link that replays current quiz
Next Quiz
Link to next quiz in quiz playlist
You Got
0%
They Got
Avg Score
64%
Avg Friend Score
Upgrade to see
Score Distribution
Jump to the score distribution portion of the page
Score
0/25
Timer
09:00
0
Plays Today
Country
Player
% Correct
England
Cook
95.8%
India
Tendulkar
95.8%
India
Dravid
91.7%
Sri Lanka
Jayawardene
91.7%
Sri Lanka
Sangakkara
87.5%
England
Pietersen
87.5%
Australia
Clarke
83.3%
England
Bell
79.2%
India
Gambhir
79.2%
Pakistan
Younis Khan
75%
India
Laxman
70.8%
England
Prior
70.8%
West Indies
Bravo
66.7%
Country
Player
% Correct
Australia
Hussey
66.7%
West Indies
Chanderpaul
66.7%
Sri Lanka
Dilshan
66.7%
Pakistan
Misbah-ul-Haq
62.5%
India
Dhoni
62.5%
Sri Lanka
Mathews
45.8%
Sri Lanka
Samaraweera
45.8%
Pakistan
Azhar Ali
37.5%
Pakistan
Hafeez
33.3%
Pakistan
Taufeeq Umar
25%
West Indies
Edwards
8.3%
Sri Lanka
Paranavitana
8.3%
Quiz Playlist
Details
Report
Send in Message
Add To Playlist
Classic:
Type in answers that appear in a list
Last Updated: Feb 16, 2017
Quiz Scoreboard
CHALLENGE
Sign Up to Join the Scoreboard
Show All
Scores
Hide
Comments
May contain spoilers
Recently Published
5x2 Blitz: Bands
by SL_Kpop136
Music
30s
Colored Red Africa Blitz
by spor1
Geography
30s
Find the 'City' Movie
by crazypaving
Movies
60s
More to Explore
Quiz From the Vault
Featured Blog Post
14 Easter Pick-up Lines to Find Eggs With
hide this ad
You Might Also Like...
Tags
2011
Leading
Leading Test
Matching
run
Run Scorers
Scorer
test
Today's Top Quizzes in Sports
Browse Sports
hide this ad
Today's Top Quizzes in Run Scorers
Browse Run Scorers
Top Contributed Quizzes in Sports
1
Players with Multiple 50 Home Run Seasons
2
Les entraîneurs de l'OM et du PSG au 21e siècle
3
Criteria MLB: Left Handed Sluggers
4
2022 World Cup Stars
5
Les meilleurs buteurs des matchs entre le PSG et l’OM
6
Who Hit More Homers?
7
Les joueurs passés par le PSG et l'OM
8
NBA Logic Puzzle 2.0
9
Top 10 NHL Goal Scorers of All Time
10
MLB Players with Two .350 Batting Average Seasons
Explore More
Trending Topics
Kpop
NBA
Anime
Marvel
Crossword
Disney
Harry Potter
WWE
Song
Puzzle
The Office
Country
Soccer
Pokémon
NFL
hide this ad
More By:
RiderDWC
Quiz
Plays
Rating
Category
Featured
Created
FIFA World Team of the Year 2005-11
644
3.17
Sports
Feb 21, 2012
Chelsea Squad Numbers 2011/12
74
3.00
Sports
Feb 22, 2012
Premier League Top 20 Assists 2010/11
73
5.00
Sports
Feb 23, 2012
Leading Test Match Run Scorers in 2011
24
5.00
Sports
Feb 22, 2012
Oakeshott: 2008-Present
20
5.00
Just For Fun
Mar 2, 2012
Go to Creator's Profile
Score Distribution
Quiz Creator Spotlight
RiderDWC
Follow
Send a Message
Quizzes Created
-
Created Quiz Play Count
-
More By This Creator
Popular Quizzes Today
1
Find the 'City' Movie
2
Colored Red Africa Blitz
3
Find the US States - No Outlines Minefield
4
5x2 Blitz: Bands
5
The Countries of the World
6
Find the US States
7
US States
8
9x9 Crossword: Cartoon Network
More Sports Quizzes
Career Head-to-Head: Tennis '88
Curator's Pick
Trending Quizzes
Colored Red Europe Blitz I
Colored Red Africa Blitz II
Colored Red Europe Blitz II
Colored Red Africa Blitz III
Colored Red Europe Blitz III
Recently Updated
Famous TV Couples
Peacemaker
Champions League XIs: Real Madrid
pecheneg
Largest US Cities 1790-2010
pecheneg
Rides in Walt Disney World
pecheneg
Most Oscar Losses (Acting)
pecheneg
Beyoncé Albums
pecheneg
Leaping Animals
pecheneg
Reality TV Shows (A-Z)
bhenderson79
Rickey Henderson's Hall of Fame Teammates
pecheneg
Champions League XIs: Arsenal
pecheneg
Trending Topics
NBA
Anime
Kpop
Crossword
Marvel
Disney
Harry Potter
The Office
NFL
Puzzle
Pokémon
WWE
Country
Soccer
Song
Your Account Isn't Verified!
In order to create a playlist on Sporcle, you need to verify the email address you used during registration. Go to your
Sporcle Settings
to finish the process.
Report this User
Report this user for behavior that violates our
Community Guidelines
.
Details:
Send Report
Go to the Sporcle.com Mobile Site →
Comments